00571cam a22001812 4500001001100000005001700011008004100028020002800069040001500097100002800112245008300140250001200223260003900235300001800274650003700292700002800329700003200357000000014420151021151038.0070111s xx 000 0 eng d a8177585568 :cKES 2,600 aKABUcKABU1 aDate, C. J.@000014818313aAn Introduction to database systems /cC. J. Date, A. Kaunnan, S. Swamynathan. a8th ed. aNew Delhi :bD. Kindersley,c2006. axxxii, 931 p. 0aDatabase management.@00001481841 aKaunnan, A.@00001481851 aSwamynathan, S.@0000148186